000 00371nam a2200169Ia 4500
100 _aMahesh/Kavi
650 _aComputation
942 _cBK
366 _f20
654 _acomputation
245 _aTheory of computation:Problem solving approach
260 _bWiley India.
_c2012
082 _bMAH
300 _a342
546 _aENGLISH
_celectronics
999 _c31359
_d31359